LEADER 02008nam a2200349 i 4500 001 000000118019 003 CaOOAMICUS 005 20241031111859.0 008 030917s1979 it a u000 u ita u 040 $aSeMil$bita 041 $aita$alat$ager 100 1 $aArduini, Maria Lodovica,$d<1933-2012>.$0(OLS)http://semarc/name/7029 245 10$aRuperto di Deutz e la controversia tra Cristiani ed Ebrei nel secolo 12. /$cdi Maria Lodovica Arduini ; con testo critico dell'Anulus seu dialogus inter Christianum et Iudaeum a cura di Rhabanus Haacke. 246 0 $aAnulus seu dialogus inter Christianum et Iudaeum 264 1$aRoma :$bIstituto storico italiano per il Medio Evo,$c1979. 300 $a283 p. ;$c27 cm 490 1 $aStudi storici / Istituto storico italiano per il Medio Evo ;$v119.-121 500 $aFondo Card. C.M. Martini 501 $aAnulus, seu Dialogus inter Christianum et Iudaeum 546 $aTesto di Ruperto di Deutz in latino, il commento di Haacke in tedesco 650 4$aRuperto : di Deutz . Anulus, seu Dialogus inter Christianum et Iudaeum.$0(OLS)http://semarc/subject/56567 700 1 $aHaacke, Rhaban,$c.$0(OLS)http://semarc/name/3584 700 0 $aRupertus : Tuitiensis ,$c.$0(OLS)http://semarc/name/3583 830 0$aStudi storici / Istituto storico italiano per il Medio Evo ;$v119-121.$0(OLS)http://semarc/title/419635 850 $aSeMil 852 $aSeMil$W1$xVenegono$y1$m3T IV 4$j73350$B73350$CSeMilBibl$Z2$F86974 $81 941 1 $a4 961 $aOmaggio: Martini Card. Carlo Maria. -- Con dedica autografa al Card. C.M. Martini 996 $6245$aRuperto di Deutz e la controversia tra Cristiani ed Ebrei nel secolo 12.$9(OLS)http://semarc/title/173329 996 $6246$aAnulus seu dialogus inter Christianum et Iudaeum$9(OLS)http://semarc/title/173328 996 $6264$aRoma :$bIstituto storico italiano per il Medio Evo$9(OLS)http://semarc/publisher/32000 LEADER 00884naa a2200169 i 4500 001 000000308048 003 CaOOAMICUS 005 20180831172928.0 008 180831n xx u000 u ger u 013 $a16990 040 $aSeMil$bita 100 1 $aSchockenhoff, Eberhard <1953- >.$0(OLS)http://semarc/name/21530 245 10$aGibt es eine ethische Grunddifferenz zwischen den Konfessionen? Eine Nachfrage bei Friedrich Schleiermacher. 650 4$aSchleiermacher, Friedrick Daniel Ernst - Etica.$0(OLS)http://semarc/subject/7699 650 4$aEtica - Prospettive ecumeniche.$0(OLS)http://semarc/subject/47301 773 0 $tKirche in ökumenischer Perspektive.$dFreiburg ; Basel ; Wien : Herder, 2003.$z3-451-27435-3$gp.504-521$w()128853 996 $6245$aGibt es eine ethische Grunddifferenz zwischen den Konfessionen? Eine Nachfrage bei Friedrich Schleiermacher$9(OLS)http://semarc/title/415670